000 00623nam a2200241Ia 4500
003 OSt
005 20220918163225.0
006 a|||||r|||| 00| 0
007 ta
008 220917b |||||||| |||| 00| 0 eng d
020 _a0 335 12284 1 (pbk)
024 _a233,134
037 _cTextual
040 _aARTS
_cARTS
_beng
041 _2eng
_aeng
082 _a#, M6
245 0 _aConformity, consensus and conflict
260 _aMilton
_bKeynes The Open University Press Great Britain
_c1986
300 _a102p.
_ccm.
650 _aSOCIAL SCIENCES
942 _h#, M6
_cTEXL
_2CC
999 _c118571
_d118571